000 00768nam a2200253 a 4500
001 BRCA_4795
005 20190320204817.0
008 980827s1997 sp b 001 0 spa
020 _a8488333145
041 _aspa
044 _asp
050 4 _aPQ6066
_b.F74 1997
100 1 _aFrenk, Margit.
_9222
245 1 0 _aEntre la voz y el silencio
_cMargit Frenk.
260 _aAlcalá de Henares [Madrid]
_bCentro de Estudios Cervantinos
_c1997
300 _a148 p.
_c22 cm.
440 0 _aBiblioteca de Estudios Cervantinos
_v4
_912142
500 _aIncluye índice de personas
504 _aBibliografía: p. [117]-133
650 1 4 _aHistoria y crítica
_yPeriodo clásico, 1500-1700
_912143
650 1 4 _aLectura
_xHistoria
_912144
902 _aCERV
942 _2lcc
_cB
999 _c4492
_d4492